logo

Bir Sreshtho Munshi Abdur Rouf Library
Jhenaidah Cadet College

The concise Cambridge history of English literature / (Record no. 8968)

MARC details
000 -LEADER
fixed length control field 00823cam a22002411 4500
003 - CONTROL NUMBER IDENTIFIER
JCCL marc code BD-JhCC
005 - DATE AND TIME OF LATEST TRANSACTION
control field 20180716191435.0
008 - FIXED-LENGTH DATA ELEMENTS--GENERAL INFORMATION
fixed length control field 050820s1941 enk 000 0 eng
035 ## - SYSTEM CONTROL NUMBER
system control number (BD-JhCC)
040 ## - CATALOGING SOURCE
Original cataloging agency DLC
Transcribing agency DLC
Modifying agency DLC
-- BD-JhCC
041 ## - LANGUAGE CODE
Language code of Book eng
050 00 - LIBRARY OF CONGRESS CALL NUMBER
Classification number PR85
Item number .C26 1941
082 ## - DEWEY DECIMAL CLASSIFICATION NUMBER
Author mark and Year SAM 1941
Classification number 820.9
100 1# - MAIN ENTRY--PERSONAL NAME
Personal name Sampson, George,
Dates associated with a name 1873-1950.
245 14 - TITLE STATEMENT
Title The concise Cambridge history of English literature /
Statement of responsibility, etc by George Sampson.
260 ## - PUBLICATION, DISTRIBUTION, ETC. (IMPRINT)
Place of publication, distribution, etc Cambridge [Eng.]
Name of publisher, distributor, etc The University press,
Date of publication, distribution, etc 1941.
300 ## - PHYSICAL DESCRIPTION
Pagination xiv, 1094 p.
Dimensions 21 cm.
500 ## - GENERAL NOTE
General note "Based on the fourteen volumes of The Cambridge history of English literature."--Pref.
650 #0 - SUBJECT ADDED ENTRY--TOPICAL TERM
Topical term or geographic name as entry element English literature
General subdivision History and criticism.
730 0# - ADDED ENTRY--UNIFORM TITLE
Uniform title Cambridge history of English literature. [from old catalog]
942 ## - ADDED ENTRY ELEMENTS (KOHA)
Source of classification or shelving scheme Dewey Decimal Classification
Koha item type Books
Holdings
Source of classification or shelving scheme Damaged status Not for loan Home library Current library Shelving location Total Checkouts Full call number Barcode Date last seen Copy number Koha item type Date of accession
Dewey Decimal Classification     JCC Rouf Library JCC Rouf Library General Stacks   820.9 SAM 1941 11982 03/06/2018 C - 1 Books  
Dewey Decimal Classification     JCC Rouf Library JCC Rouf Library General Stacks   820.9 SAM 1941 12773 04/04/2018 C-2 Books 04/04/2018

JCC Library | Contacts | JCC Home

Last Update on 23 September 2017
Copyright @ 2017-2020 JCC Rouf Library
Rouf Library, Jhenidah Cadet College (JCC), Bangladesh